000 00403 a2200109 4500
001 ART_46016
005 20260410161731.0
008 260409a
245 1 0 _aFactores que influyen en las acciones sustentables de la bolsa mexicana de valores
100 1 _aMorales Castro, José Antonio
773 0 _tEscritos contables y de administración
_g- Vol. 7, Nº 1 (ene./jun. 2016)
_wREV2758
999 _c17830
_d17830